राही मासूम रज़ा : (Record no. 121559)

MARC details
000 -LEADER
fixed length control field 01133nam a22002657a 4500
005 - DATE AND TIME OF LATEST TRANSACTION
control field 20170124103216.0
010 ## - LIBRARY OF CONGRESS CONTROL NUMBER
LC control number B-184632
020 ## - INTERNATIONAL STANDARD BOOK NUMBER
Terms of availability 275.00
International Standard Book Number 818857172
035 ## - SYSTEM CONTROL NUMBER
System control number B-184632
037 ## - SOURCE OF ACQUISITION
Source of stock number/acquisition Cen Lib/Ret
040 ## - CATALOGING SOURCE
Original cataloging agency DPL
Language of cataloging HN
082 ## - DEWEY DECIMAL CLASSIFICATION NUMBER
Classification number 823.08
Item number जिलेदा
100 ## - MAIN ENTRY--PERSONAL NAME
Personal name जिलेदार सिंह
9 (RLIN) 99377
245 ## - TITLE STATEMENT
Title राही मासूम रज़ा :
Statement of responsibility, etc जिलेदार सिंह
Remainder of title एक अध्ययन /
246 ## - VARYING FORM OF TITLE
Title proper/short title Rahi Masoom Raza : ek adhayan /
Remainder of title by Jledar Singh
260 ## - PUBLICATION, DISTRIBUTION, ETC. (IMPRINT)
Place of publication, distribution, etc कानपूर
Name of publisher, distributor, etc चिंतन प्रकाशन
Date of publication, distribution, etc 2005
270 ## - ADDRESS
City कानपूर
Address 3A/119 आवास विकास, हंस्पुर्म
Postal code 280021
300 ## - PHYSICAL DESCRIPTION
Extent 200पृ.
Dimensions 20सेमी(सजिल्द )
500 ## - GENERAL NOTE
General note सन्दर्भ सूची शामिल
650 ## - SUBJECT ADDED ENTRY--TOPICAL TERM
Topical term or geographic name as entry element साहित्य -- जीवनी
General subdivision
Geographic subdivision
9 (RLIN) 99378
650 ## - SUBJECT ADDED ENTRY--TOPICAL TERM
Topical term or geographic name as entry element उर्दू -- जीवनी
9 (RLIN) 99379
650 ## - SUBJECT ADDED ENTRY--TOPICAL TERM
Topical term or geographic name as entry element Literature - Biography
9 (RLIN) 99380
650 ## - SUBJECT ADDED ENTRY--TOPICAL TERM
Topical term or geographic name as entry element Urdu -- Biography
9 (RLIN) 511
942 ## - ADDED ENTRY ELEMENTS (KOHA)
Source of classification or shelving scheme Dewey Decimal Classification
Koha item type Hindi Books
Classification part 823.08
Call number suffix जिलेदा
Holdings
Withdrawn status Lost status Damaged status Not for loan Home library Current library Date acquired Source of acquisition Cost, normal purchase price Total Checkouts Total Renewals Full call number Barcode Date last seen Date checked out Copy number Cost, replacement price Price effective from Koha item type
        Central Library Central Library 09/10/2015 Cen Lib/Ret 275.00 2 1 823.08 जिलेदा B-184632 01/03/2018 17/02/2018 1 275.00 09/10/2015 Hindi Books

© Delhi Public Library
Hit Counter
free hit counter